01418nam a2200241Ia 4500001000900000003001000009008004100019040002500060041001300085100003800098245007600136250001100212260006400223300002800287500026000315501011400575520026000689650001500949942000700964957000600971999004100977952015801018L110-776IT-CnALBA170116s9999||||xx |||||||||||||| ||und|| aIT-CnALBAcIT-CnALBA aITALIANO aFARGES ALBERTO, PRETE S. SULPIZIO 0aTEORIA FONDAMENTALE DELL'ATTO E DELLA POTENZA NEL MOTORE E NEL MOBILE.  a6a ed. a SIENAbBERNARDINO S. TIP. ED. PONT. c1900 [1° Ed.: n.d.] a122 p. (prefazione: 11) aBIBLIOTECA CAN. CHIESA. TRADUZIONE DAL FRANCESE. PREFAZIONE. MOVIMENTO. ATTO E POTENZA. FORZE DELLA NATURA. NATURA DEL MOVIMENTO. MOTORE IN ATTO E MOBILE IN POTENZA. NATURA DELL'EFFETTO PRODOTTO NEL MOBILE. ORIGINE DELL'EFFETTO PRODOTTO. OBBIEZIONI DI LEI aSocietà San Paolo EM - Piazza San Paolo, 14 - 12051 ALBA (CN) (non commercial uses only) ® Copyright 2017 aBIBLIOTECA CAN. CHIESA. TRADUZIONE DAL FRANCESE. PREFAZIONE. MOVIMENTO. ATTO E POTENZA. FORZE DELLA NATURA. NATURA DEL MOVIMENTO. MOTORE IN ATTO E MOBILE IN POTENZA. NATURA DELL'EFFETTO PRODOTTO NEL MOBILE. ORIGINE DELL'EFFETTO PRODOTTO. OBBIEZIONI DI LEI aMETAFISICA cBK 71 a874bSI g Copie: 1 c260011d260011 0010406L_11077671aALBAbALBAd2017-01-16l0oL110-776r2017-01-16 00:00:00w2017-01-16yBKz(data import: 16 gennaio 2017) - By Epidotti, Vaglietti.